| Tag |
First Indicator |
Second Indicator |
Subfields |
| LEADER |
00000cam a22000001 4500 |
| 001 |
in00000024594 |
| 005 |
20151007062422.0 |
| 008 |
711005s1967 mau b 00000beng |
| 010 |
|
|
|a 67020884
|
| 035 |
|
|
|a (OCoLC)00175006
|
| 035 |
|
|
|9 AAD4832AM
|
| 040 |
|
|
|a DLC
|c DLC
|d TXA
|d UtOrBLW
|
| 049 |
|
|
|a TXAM
|c [471521]
|
| 050 |
0 |
0 |
|a PS3537.T323
|b Z827
|
| 082 |
0 |
|
|a 818/.5/209
|
| 092 |
|
|
|a 818
|b S819Ys
|
| 100 |
1 |
|
|a Stewart, Allegra.
|
| 245 |
1 |
0 |
|a Gertrude Stein and the present.
|
| 264 |
|
1 |
|a Cambridge :
|b Harvard University Press,
|c 1967.
|
| 300 |
|
|
|a ix, 223 pages ;
|c 22 cm.
|
| 336 |
|
|
|a text
|b txt
|2 rdacontent
|
| 337 |
|
|
|a unmediated
|b n
|2 rdamedia
|
| 338 |
|
|
|a volume
|b nc
|2 rdacarrier
|
| 504 |
|
|
|a Bibliographical footnotes.
|
| 600 |
1 |
0 |
|a Stein, Gertrude,
|d 1874-1946.
|
| 999 |
|
|
|a MARS
|
| 999 |
f |
f |
|s 08e60383-c2f1-3f66-b426-fddba0a2a032
|i 32360083-3c02-3f19-be67-ed0efa88b0cc
|t 0
|
| 952 |
f |
f |
|p ric
|a Texas A&M University
|b Rellis Campus
|c Joint Library Facility
|d Remote Storage
|t 0
|e PS3537.T323 Z827
|h Library of Congress classification
|i unmediated -- volume
|m A14801265464
|
| 998 |
f |
f |
|a PS3537.T323 Z827
|t 0
|l Remote Storage
|